00338nam a2200145Ia 4500003000400000008004100004040001600045082001700061100001700078245002900095260003200124300000800156650001500164650001300179GCL140319s9999 xx 000 0 eng d aGCL / cGCL04a808.883bK J1 aKAFKA, FRANZ10aJOURNAL / cKAFKA, FRANZ a[S.N] : bGRASSET ، c1994 a67404aLITERATURE04aJOURNALS